Программа лаборатория релейной защиты и автоматики; Т. 2

Detalles Bibliográficos
Parent link:Т. 2.— 2001.— С. 20-22.
Autor Principal: Копьёв В. Н.
Outros autores: Крылов А. С.
Idioma:ruso
Publicado: 2001
Subjects:
Formato: Capítulo de libro
KOHA link:https://koha.lib.tpu.ru/cgi-bin/koha/opac-detail.pl?biblionumber=82181

MARC

LEADER 00000naa2a2200000 4500
001 82181
005 20231031095558.0
035 |a (RuTPU)RU\TPU\book\88327 
090 |a 82181 
100 |a 20050928d2001 k y0rusy50 ca 
101 0 |a rus 
102 |a RU 
200 1 |a Программа лаборатория релейной защиты и автоматики  |f В. Н. Копьёв, А. С. Крылов 
463 0 |0 (RuTPU)RU\TPU\book\73089  |t Т. 2  |v С. 20-22.  |d 2001  |p 144 с. 
610 1 |a программы 
610 1 |a лаборатории 
610 1 |a защита 
610 1 |a автоматика 
610 1 |a информационные ресурсы 
610 1 |a учебные процессы 
610 1 |a труды учёных ТПУ 
700 1 |a Копьёв  |b В. Н. 
701 1 |a Крылов  |b А. С. 
801 1 |a RU  |b 63413507  |c 20050928  |g PSBO 
801 2 |a RU  |b 63413507  |c 20180117  |g RCR 
942 |c BK